Visualizzazione normale
Vista MARC
- emarginazione-devianza
di Topical Term
Records bibliografici associati: 23
001 - CONTROL NUMBER
- control field: 56375
003 - CONTROL NUMBER IDENTIFIER
- control field: IT-RoPau
005 - DATE AND TIME OF LATEST TRANSACTION
- control field: 20170411121722.0
008 - FIXED-LENGTH DATA ELEMENTS
- fixed length control field: 170411|| aca||aabn | a|a d
040 ## - CATALOGING SOURCE
- Original cataloging agency: IT-RoPau
- Transcribing agency: IT-RoPau
150 ## - HEADING--TOPICAL TERM
- Topical term or geographic name entry element: emarginazione-devianza
670 ## - SOURCE DATA FOUND
- Source citation: Work cat.: (IT-RoPau): Barbini Luigi 56374, Famiglia e carcere, 2016